000
00319nam a22001457a 4500
003
SGT
020
_a
978-93-86554-68-0
082
_a
610.14
_b
A18V
100
_a
VIDYANATH,R
245
_a
AYURVEDIC TERMINOLOGY
260
_a
VARANASI
_b
CHAUKHAMBA PUB
_c
2018
300
_a
242
650
_a
AYURVEDA
942
_2
ddc
_c
BK
_0
7
999
_c
16599
_d
16599